Click the Car Logos Quiz Stats

 Plays Quiz Updated May 7, 2016

Score 0/42 Timer 10:00
236 Plays Today
% Correct
Jaguar
84.7%
Volkswagen
84.6%
Honda
84.1%
Mercedes-Benz
83.9%
Toyota
83.6%
Audi
83.1%
BMW
83.1%
Chevrolet
81.7%
Lexus
81.6%
Hyundai
78.9%
Mitsubishi
78.8%
Ram
78.5%
Mazda
76.4%
Suzuki
75.1%
Porsche
74.9%
Bentley
74.1%
Subaru
74.1%
Nissan
73.9%
Infiniti
73.2%
Cadillac
73%
Ferrari
72.2%
% Correct
Volvo
70%
Lamborghini
68.7%
Acura
68.7%
Alfa Romeo
66.8%
Buick
66.3%
Fiat
65.8%
Pontiac
65.4%
Peugeot
65.2%
Seat
65.1%
Maserati
63.8%
Saturn
61.3%
Renault
59.8%
Citroën
58.4%
Chrysler
58.3%
Mercury
57.4%
Vauxhall
56.9%
Aston Martin
55.8%
Opel
55.5%
Saab
54.2%
Daewoo
53.9%
Holden
47.9%

You're not logged in!

Compare scores with friends on all Sporcle quizzes.
OR
Log In

Show Comments

Extras

Top Quizzes Today


Score Distribution

Your Account Isn't Verified!

In order to create a playlist on Sporcle, you need to verify the email address you used during registration. Go to your Sporcle Settings to finish the process.

Report this User

Report this user for behavior that violates our Community Guidelines.

Details: